Las cárceles argentinas de antaño (Registro nro. 7917)
[ vista simple ]
| 000 -LEADER | |
|---|---|
| fixed length control field | 01133 a2200217 4500 |
| 001 - CONTROL NUMBER | |
| control field | 63015 |
| 005 - DATE AND TIME OF LATEST TRANSACTION | |
| control field | 20260407155924.0 |
| 008 - FIXED-LENGTH DATA ELEMENTS--GENERAL INFORMATION | |
| fixed length control field | 260407a2002 arg spa d |
| 003 - CONTROL NUMBER IDENTIFIER | |
| control field | AR-UNSa-BCEJYS |
| 040 ## - CATALOGING SOURCE | |
| Original cataloging agency | AR-UNSa-BCEJYS |
| Language of cataloging | spa |
| Transcribing agency | AR-UNSa-BCEJYS |
| 080 ## - UNIVERSAL DECIMAL CLASSIFICATION NUMBER | |
| Universal Decimal Classification number | 343.8 |
| Common auxiliary subdivision | Condena. Ejecución de la sentencia. Cumplimiento de la pena. Prevención del delito (Instituciones penitenciarias) |
| 020 ## - INTERNATIONAL STANDARD BOOK NUMBER | |
| International Standard Book Number | 978-950-894-339-2 |
| 041 ## - LANGUAGE CODE | |
| Language code of text/sound track or separate title | spa |
| 100 1# - MAIN ENTRY--PERSONAL NAME | |
| Personal name | Levaggi, Abelardo |
| 245 10 - TITLE STATEMENT | |
| Title | Las cárceles argentinas de antaño |
| Name of part/section of a work | (Siglos XVIII y XIX). Teoría y realidad |
| 264 #1 - PRODUCTION, PUBLICATION, DISTRIBUTION, MANUFACTURE, AND COPYRIGHT NOTICE | |
| Place of production, publication, distribution, manufacture | Buenos Aires : |
| Name of producer, publisher, distributor, manufacturer | AD-HOC |
| Date of production, publication, distribution, manufacture, or copyright notice | 2002 |
| 300 ## - PHYSICAL DESCRIPTION | |
| Extent | 479 p. |
| Dimensions | 23 cm. |
| 505 ## - FORMATTED CONTENTS NOTE | |
| Formatted contents note | 1. La cárcel tradicional - 2. El moderno sistema penitenciario – 3. Marco jurídico – 4. Estructura edilicia – 5. Ingreso en la cárcel – 6. Quienes mandaban y como trataban a los presos – 7. Sociabilidad carcelaria – 8. Alimentación, vestuario, salud – 9. Del ocio al trabajo – 10. Religión y escuela – 11. Régimen económico – 12. El control: la visita de cárcel – 13. Salida de la cárcel - |
| 590 ## - LOCAL NOTE (RLIN) | |
| Local note | niveau_biblio:m niveau_hierar:0 |
| 942 ## - ADDED ENTRY ELEMENTS (KOHA) | |
| Koha item type | |
| Withdrawn status | Lost status | Damaged status | Not for loan | Home library | Current library | Shelving location | Date acquired | Total checkouts | Full call number | Barcode | Date last seen | Price effective from | Koha item type |
|---|---|---|---|---|---|---|---|---|---|---|---|---|---|
| Biblioteca Prof. Eusebio Cleto del Rey | Biblioteca Prof. Eusebio Cleto del Rey | 07/04/2026 | 343.8 L655 | L87305 | 07/04/2026 | 07/04/2026 | Libro |